Costos: para la toma de decisiones
| Main Author: | |
|---|---|
| Format: | Section = Libro |
| Language: | Undetermined Spanish |
| Published: |
México
Pearson
2016
|
| Subjects: |
| LEADER | 00617nam a2200229Ia 4500 | ||
|---|---|---|---|
| 008 | 240830s9999 xx 000 0 und d | ||
| 020 | |a 978-607-32-3497-9 | ||
| 040 | |a B-ESTELÍ- RUACS / 657.42 L226 | ||
| 041 | |a spa | ||
| 082 | |a 657.42 L226 | ||
| 100 | 1 | |a Lambretón Torres, Viviana | |
| 245 | 1 | 0 | |a Costos: para la toma de decisiones |
| 260 | |a México |b Pearson |c 2016 | ||
| 300 | |a 248 p. | ||
| 650 | 7 | |a CONTABILIDAD DE COSTO | |
| 650 | 7 | |b FLUJO DE COSTO | |
| 650 | 7 | |c COSTO DE PRODUCCION | |
| 650 | 7 | |d CONTABILIDAD DE COSTO | |
| 650 | 7 | |e TOMA DE DECISIONES | |
| 942 | |c BK |2 ddc | ||
| 991 | |a TEXTO | ||
| 999 | |c 11401 | ||